आन्ना कारेनिना (Record no. 8690)

MARC details
000 -LEADER
fixed length control field 00722 a2200217 4500
001 - CONTROL NUMBER
control field 135267
003 - CONTROL NUMBER IDENTIFIER
control field OSt
005 - DATE AND TIME OF LATEST TRANSACTION
control field 20211221151842.0
008 - FIXED-LENGTH DATA ELEMENTS--GENERAL INFORMATION
fixed length control field
020 ## - INTERNATIONAL STANDARD BOOK NUMBER
International Standard Book Number 9788126707379
041 ## - LANGUAGE CODE
Language code of text/sound track or separate title Hindi
082 ## - DEWEY DECIMAL CLASSIFICATION NUMBER
Classification number 891.433
Item number T58A
100 1# - MAIN ENTRY--PERSONAL NAME
Personal name तोल्स्तोय, लेव
245 1# - TITLE STATEMENT
Title आन्ना कारेनिना
Statement of responsibility, etc by लेव तोल्स्तोय
260 ## - PUBLICATION, DISTRIBUTION, ETC. (IMPRINT)
Place of publication, distribution, etc नई दिल्ली
Name of publisher, distributor, etc राजकमल प्रकाशन
Date of publication, distribution, etc 2010
300 ## - PHYSICAL DESCRIPTION
Extent 2v. (v.1:416; v.2:337p.)
500 ## - GENERAL NOTE
General note 9606 v.1; 9607 v.2
630 ## - SUBJECT ADDED ENTRY--UNIFORM TITLE
Uniform title हिन्दी साहित्य
690 ## - LOCAL SUBJECT ADDED ENTRY--TOPICAL TERM (OCLC, RLIN)
Topical term or geographic name as entry element Manners and customs; Married women; Russia; Adultery
942 ## - ADDED ENTRY ELEMENTS (KOHA)
Source of classification or shelving scheme Dewey Decimal Classification
Koha item type Books
Holdings
Withdrawn status Lost status Damaged status Not for loan Collection code Home library Current library Date acquired Source of acquisition Cost, normal purchase price Total Checkouts Full call number Barcode Date last seen Date checked out Price effective from Koha item type
        General Text Book Central University Of Rajasthan Central University Of Rajasthan 09/10/2012 HND 495.00 6 891.433 T58A 9606 21/11/2024 09/01/2024 02/09/2020 Books
        General Text Book Central University Of Rajasthan Central University Of Rajasthan 09/10/2012 HND 495.00   891.433 T58A 9607 21/11/2024   02/09/2020 Books